Normal view
MARC view
Entry Término temático
001 - NÚMERO DE CONTROL
- campo de control: 22167
003 - IDENTIFICADOR DEL NÚMERO DE CONTROL
- campo de control: FranzMayer
005 - FECHA Y HORA DE LA ÚLTIMA TRANSACCIÓN
- campo de control: 20190320210445.0
008 - DATOS DE LONGITUD FIJA
- campo de control de longitud fija: 190320|| aca||aabn | a|a d
040 ## - FUENTE DE LA CATALOGACIÓN
- Centro catalogador/agencia de origen: FranzMayer
- Centro/agencia transcriptor: FranzMayer
150 ## - ENCABEZAMIENTO--TÉRMINO DE MATERIA
- Término de materia o nombre geográfico como elemento de entrada: Monasticismo y ordenes religiosas de mujeres
- Subdivisión cronológica: Obras anteriores a 1800
670 ## - FUENTE DE DATOS ENCONTRADOS
- Cita de la fuente: Work cat.: (FranzMayer): Arbiol, Antonio 22166, La religiosa instruida con doctrina de la sagrada escritura, y santos padres de la iglesia catholica para todas las operaciones de su vida regular, desde que recibe el Habito Santo, hasta la hora de su muerte, 1753